Uplatnenie transformačných koncepcií v marketingu poľnohospodárskeho podniku
Špecifiká uplatňovania podnikateľskej koncepcie v marketingovom riadení poľnohospodárskych podnikov.
Saved in:
| Main Author: | |
|---|---|
| Format: | Book Chapter |
| Language: | Slovak |
| Subjects: | |
| Tags: |
No Tags, Be the first to tag this record!
|
MARC
| LEADER | 00000naa$a2200000$$$4500 | ||
|---|---|---|---|
| 001 | 0060231 | ||
| 005 | 20230908102147.3 | ||
| 041 | 0 | |a slo | |
| 044 | |a SK | ||
| 245 | 1 | 0 | |a Uplatnenie transformačných koncepcií v marketingu poľnohospodárskeho podniku |c Anton Kretter |
| 520 | |a Špecifiká uplatňovania podnikateľskej koncepcie v marketingovom riadení poľnohospodárskych podnikov. | ||
| 610 | 2 | 0 | |a podnik poľnohospodársky |
| 610 | 2 | 0 | |a marketing |
| 610 | 2 | 0 | |a služby |
| 610 | 2 | 0 | |a koncepcie |
| 610 | 2 | 0 | |a stratégia marketingová |
| 100 | 1 | |a Kretter, Anton | |